000
00290nam a2200133Ia 4500
008
221030s9999 xx 000 0 und d
041
_a
English
082
_a
105.23
100
_a
Imtiyaz Ali Bhat/231
245
0
_a
NETWORKING
260
_a
Jammu
_c
2003
650
_a
Computers
942
_c
TH
999
_c
5332
_d
5332